| 000 | 01147nam a2200301 a 4500 | ||
|---|---|---|---|
| 001 | 000016380 | ||
| 003 | DO-SdBNP | ||
| 005 | 20250703134136.0 | ||
| 008 | 100304s1987 dr 000 0 spa d | ||
| 040 |
_aDO-SdBNP _bspa _cBNPHU |
||
| 082 |
_a370.1 _bH557i |
||
| 100 | 1 |
_aHernández Castillo, Ángel _917443 |
|
| 245 | 1 | 0 |
_aIntroducción a las ciencias de la educación / _cÁngel Hernández Castillo ; prólogo Amarilis de Zapata. |
| 260 |
_aSanto Domingo : _bUASD, _c1987. |
||
| 300 |
_a286 p. : _bil. ; _c21 cm. |
||
| 490 | 1 |
_aEducación y Sociedad _v34 |
|
| 500 | _aIncluye referencias bibliográficas y notas al pie de las páginas | ||
| 504 | _aBibliografía: p. 272-286 | ||
| 590 | _aInventariado, 2019/MFF | ||
| 650 | 4 |
_aEducación _zRepública Dominicana _9737 |
|
| 650 | 4 |
_aFormación profesional de maestros _zRepública Dominicana _917505 |
|
| 650 | 0 |
_aEducación y estado _zRepública Dominicana _951256 |
|
| 650 | 0 |
_aEducación _xFilosofía _93186 |
|
| 700 | 1 |
_aZapata, Amarilis de _epról. _936526 |
|
| 710 | 1 |
_aUniversidad Autónoma de Santo Domingo _972951 |
|
| 830 | 0 |
_aEducación y sociedad _p34 _936527 |
|
| 942 |
_2ddc _cLBS1 |
||
| 999 |
_c15915 _d15915 |
||